Follow me

Bibliographic Details
Corporate Author: British Broadcasting Corporation
Format: Book
Published: London : BBC , [197?]
Series:BBC English by television
Subjects:

MARC

LEADER 00000cam a2200000 7i4500
001 0000008700
005 20070516093000.0
008 021119n
090 0 0 |a PE1073.5   |b .F6 (j1-8) video 
245 0 0 |a Follow me   |c BBC ... [et al.] 
260 2 |a London :   |b BBC ,   |c [197?] 
300 |a 8 videocassettes ; ;   |c sd., col. 
440 0 0 |a BBC English by television 
650 0 |a English language   |x Films for foreign speakers 
710 0 0 |a British Broadcasting Corporation 
999 |a 1000021897   |b Video Tape   |c OPEN SHELF (30 DAYS)   |e Gong Badak Campus 
999 |a 1000021898   |b Video Tape   |c OPEN SHELF (30 DAYS)   |e Gong Badak Campus 
999 |a 1000021899   |b Video Tape   |c OPEN SHELF (30 DAYS)   |e Gong Badak Campus 
999 |a 1000021900   |b Video Tape   |c OPEN SHELF (30 DAYS)   |e Gong Badak Campus 
999 |a 1000021901   |b Video Tape   |c OPEN SHELF (30 DAYS)   |e Gong Badak Campus 
999 |a 1000021902   |b Video Tape   |c OPEN SHELF (30 DAYS)   |e Gong Badak Campus 
999 |a 1000021903   |b Video Tape   |c OPEN SHELF (30 DAYS)   |e Gong Badak Campus 
999 |a 1000021904   |b Video Tape   |c OPEN SHELF (30 DAYS)   |e Gong Badak Campus